Ed Sheeran Discography - Statistics

General Stats
  • This quiz has been taken 15 times
  • The average score is 28 of 114
Answer Stats
Year Album Song % Correct
2017 ÷ Perfect
89%
2017 ÷ Shape of You
89%
2014 x Don't
78%
2011 + The A Team
78%
2021 = Bad Habits
67%
2017 ÷ Castle on the Hill
67%
2025 Play Azizam
56%
2019 No. 6 Collaborations Project Beautiful People
56%
2014 x Bloodstream
56%
2017 ÷ Eraser
56%
2017 ÷ Galway Girl
56%
2019 No. 6 Collaborations Project I Don't Care
56%
2011 + Lego House
56%
2021 = Overpass Graffiti
56%
2014 x Photograph
56%
2014 x Sing
56%
2017 ÷ Supermarket Flowers
56%
2014 x Thinking Out Loud
56%
2017 ÷ Dive
44%
2011 + Drunk
44%
2023 Eyes Closed
44%
2017 ÷ Happier
44%
2017 ÷ New Man
44%
2014 x One
44%
2025 Play Sapphire
44%
2021 = Shivers
44%
2019 No. 6 Collaborations Project 1000 Nights
33%
2025 Play A Little More
33%
2025 Play Camera
33%
2014 x Nina
33%
2021 = The Joker and the Queen
33%
2014 x The Man
33%
2011 + U.N.I.
33%
2021 = Visiting Hours
33%
2011 + You Need Me, I Don't Need You
33%
2021 = 2step
22%
2014 x Afire Love
22%
2023 Autumn Variations American Town
22%
2019 No. 6 Collaborations Project Antisocial
22%
2023 Autumn Variations Blue
22%
2023 Boat
22%
2022 Single Celestial
22%
2021 = Collide
22%
2023 Curtains
22%
2023 Dusty
22%
2023 End of Youth
22%
2021 = First Times
22%
2011 + Give Me Love
22%
2023 Autumn Variations Head > Heels
22%
2023 Life Goes On
22%
2025 Play Old Phone
22%
2025 Play Opening
22%
2023 Salt Water
22%
2021 = Sandman
22%
2011 + Small Bump
22%
2021 = Stop the Rain
22%
2023 Sycamore
22%
2025 Play Symmetry
22%
2019 No. 6 Collaborations Project Take Me Back to London
22%
2023 The Hills of Aberfeldy
22%
2021 = Tides
22%
2017 ÷ What Do I Know?
22%
2020 Single Afterglow
11%
2021 = Be Right Now
11%
2019 No. 6 Collaborations Project Best Part of Me
11%
2019 No. 6 Collaborations Project Blow
11%
2023 Borderline
11%
2023 Colourblind
11%
2019 No. 6 Collaborations Project Cross Me
11%
2025 Bonus Track Drive
11%
2023 Autumn Variations England
11%
2023 Single F64
11%
2019 No. 6 Collaborations Project Feels
11%
2011 + Grade 8
11%
2017 ÷ Hearts Don't Break Around Here
11%
2025 Play Heaven
11%
2017 ÷ How Would You Feel (Paean)
11%
2014 x I'm a Mess
11%
2013 Bonus Track I See Fire
11%
2011 + Kiss Me
11%
2021 = Leave Your Life
11%
2023 Autumn Variations Magical
11%
2021 Single Merry Christmas
11%
2023 Autumn Variations Midnight
11%
2023 No Strings
11%
2023 Autumn Variations Page
11%
2023 Autumn Variations Plastic Bag
11%
2023 Autumn Variations Punchline
11%
2019 No. 6 Collaborations Project Put It All on Me
11%
2019 No. 6 Collaborations Project Remember the Name
11%
2014 x Runaway
11%
2019 No. 6 Collaborations Project South of the Border
11%
2023 Autumn Variations Spring
11%
2023 Autumn Variations That's on Me
11%
2011 + The City
11%
2023 Autumn Variations The Day I Was Born
11%
2025 Play The Vow
11%
2023 Vega
11%
2023 Single A Beautiful Game
0%
2023 Autumn Variations Amazing
0%
2025 Play Don't Look Down
0%
2025 Play For Always
0%
2019 No. 6 Collaborations Project I Don't Want Your Money
0%
2025 Play In Other Words
0%
2021 = Love in Slow Motion
0%
2019 No. 6 Collaborations Project Nothing on You
0%
2025 Play Slowly
0%
2023 Spark
0%
2014 x Tenerife Sea
0%
2011 + This
0%
2024 Single Under the Tree
0%
2011 + Wake Me Up
0%
2019 No. 6 Collaborations Project Way to Break My Heart
0%
2023 Autumn Variations When Will I Be Alright
0%
No matching quizzes found
Score Distribution
Percent of People with Each Score
Percentile by Number Answered
Your Score History
You have not taken this quiz